The Economist’s coverage of the Coronavirus pandemic (Record no. 121245)
[ view plain ]
| 000 -LEADER | |
|---|---|
| fixed length control field | 00678nam a22001457a 4500 |
| 001 - CONTROL NUMBER | |
| control field | K121245 |
| 008 - FIXED-LENGTH DATA ELEMENTS--GENERAL INFORMATION | |
| fixed length control field | 190716b2020 ||||| |||| 00| 0 eng d |
| 110 ## - MAIN ENTRY--CORPORATE NAME | |
| 9 (RLIN) | 69 |
| Corporate author | The Economist |
| 245 ## - TITLE STATEMENT | |
| Title | The Economist’s coverage of the Coronavirus pandemic |
| 520 ## - ABSTRACT | |
| Abstract | Analysis of the Covid-19 pandemic in the UK and the rest of the world. <br/>Considers every aspect of the pandemic—from the science to its political, economic and social consequences |
| 650 ## - KEYWORDS | |
| Keywords | covid 19 |
| 650 ## - KEYWORDS | |
| Keywords | coronavirus |
| 690 ## - LOCAL SUBJECT ADDED ENTRY--TOPICAL TERM (OCLC, RLIN) | |
| 9 (RLIN) | 6244 |
| Topical term or geographic name as entry element | Health and safety |
| 856 ## - ONLINE RESOURCE | |
| Uniform Resource Identifier | https://www.economist.com/news/2020/03/11/the-economists-coverage-of-the-coronavirus |
| Public note | View the Economist analysis at: www.economist.com |
| Withdrawn status | Lost status | Source of classification or shelving scheme | Damaged status | Not for loan | Home library | Current library | Date acquired | Total Checkouts | Date last seen | Price effective from | Koha item type |
|---|---|---|---|---|---|---|---|---|---|---|---|
| Dewey Decimal Classification | Virtual | Virtual | 27/03/2020 | 27/03/2020 | 27/03/2020 | News article |